| 000 | 02156nam a22002417a 4500 | ||
|---|---|---|---|
| 001 | 6289 | ||
| 003 | FISKH | ||
| 005 | 20250506161719.0 | ||
| 008 | 250409b cb ||||| |||| 00| 0 eng d | ||
| 040 |
_aFISKH _bkhr _cFISKH _dFISKH |
||
| 050 | _aPZ7 | ||
| 082 | _a895.932102 | ||
| 100 | _aHarch, Nou | ||
| 245 |
_aមាលាដួងចិត្ត / _cនិពន្ធដោយ លោក នូ ហាច |
||
| 260 |
_aភ្នំពេញ : _bការផ្សាយរបស់សមាគមអ្នកនិពន្ធខ្មែរ , _c2004. |
||
| 300 |
_a130 pages : _billustrations ; _c20 cm . |
||
| 520 | _aទីឃាវុធ ជាយុវសិស្សអាយុ២០ឆ្នាំ ជាសិស្សថ្នាក់ទី២ នៃវិទ្យាល័យ ស៊ីសុវត្តិ ។ គេជាមនុស្សដែលចូលចិត្តស្រមើស្រម៉ៃច្រើន ហើយគេក៏ជាសិស្សឧស្សាហ៍ព្យាយាម មានប្រាជ្ញាឈ្លាសវៃ ខាងតែងកំនាព្យកាព្យឃ្លោង អក្សសាសន៍ ចូលចិត្តរៀនភាសាបរទេសដូចជា បារាំង អង៉គ្លេស និងចូលចិត្តស្វ័យសិក្សាភាសាថៃដោយខ្លួនឯងផងដែរ។ ប៉ុន្តែការសិក្សារផ្នែកវិទ្យាសាស្រ្តរបស់គេមិនសូវជាល្អប៉ុន្មានទេ។ | ||
| 520 | _aTikhavuth is a 20-year-old second-grade student at Sisowath High School. He is a very imaginative person and he is also a diligent student, wise in composing poems, prose, literary, likes to learn foreign languages such as French, English and also likes to learn Thai on his own. But their scientific studies were not so good. | ||
| 650 |
_aមាលាដួងចិត្ត _vប្រលោមលោកខ្មែរ |
||
| 650 |
_aMea lea doung chet _vKhmer Novel |
||
| 942 |
_2ddc _cBK _n0 |
||
| 999 |
_c6289 _d6289 |
||